[Event "Russian Championship G17 1st league 2016"]
[Site "Loo"]
[Date "2016.04.25"]
[Round "6.2"]
[White "Tukaeva, Adelya"]
[Black "Hilova, Evelina"]
[Result "1-0"]
[WhiteElo "1854"]
[BlackElo "1770"]
[PlyCount "149"]
[EventDate "2016.04.20"]

1. e4 c5 2. Nf3 e6 3. d4 cxd4 4. Nxd4 Nf6 5. Nc3 Nc6 6. Be3 Bb4 7. Bd3 d5 8.
exd5 Nxd5 9. Nxc6 bxc6 10. Bd2 O-O 11. O-O a5 12. Nxd5 cxd5 13. Bxb4 axb4 14.
Qd2 Qd6 15. c3 bxc3 16. Qxc3 Bb7 17. b4 d4 18. Qb3 Rfc8 19. Rfc1 Rxc1+ 20. Rxc1
Bd5 21. Qb2 Bxa2 22. Be4 Bd5 23. Qxd4 g6 24. Bxd5 Qxd5 25. Qxd5 exd5 26. b5 Rb8
27. Rd1 Kf8 28. Kf1 Ke7 29. Ke2 Kd6 30. Kd3 Kc5 31. Rc1+ Kd6 32. Rc6+ Kd7 33.
Rc5 Ra8 34. Rxd5+ Kc7 35. Kc3 Ra2 36. Rd2 Ra1 37. Rb2 Kb6 38. Kd4 Re1 39. Kd5
Rh1 40. h3 Rg1 41. f3 Re1 42. Kd4 f6 43. Kc4 Rc1+ 44. Kd3 Re1 45. Kd4 Re5 46.
Kc4 Re1 47. Kd5 Re5+ 48. Kd6 Re1 49. Kd5 Re5+ 50. Kc4 Re1 51. Rd2 Rc1+ 52. Kd5
Re1 53. Rc2 Kxb5 54. Rc7 Re2 55. g4 Re3 56. Rb7+ Ka6 57. Rxh7 Rxf3 58. Rh6 g5
59. Ke6 Kb7 60. Rxf6 Rxh3 61. Kf5 Kc7 62. Re6 Kd7 63. Re2 Rh1 64. Kxg5 Rf1 65.
Kg6 Rg1 66. g5 Kd8 67. Kf6 Rf1+ 68. Kg7 Rg1 69. g6 Kd7 70. Kf7 Rf1+ 71. Kg8 Rg1
72. g7 Rg3 73. Rh2 Ke7 74. Kh8 Kf7 75. Rf2+ 1-0

[Event "Russian Championship G17 1st league 2016"]
[Site "Loo"]
[Date "2016.04.25"]
[Round "6.3"]
[White "Polzunova, Anastasiya"]
[Black "Grekhneva, Yana"]
[Result "0-1"]
[WhiteElo "1645"]
[BlackElo "1809"]
[PlyCount "84"]
[EventDate "2016.04.20"]

1. e4 c5 2. Nf3 d6 3. d4 cxd4 4. Nxd4 Nf6 5. Nc3 a6 6. Be2 e5 7. Nb3 Be7 8. Be3
b5 9. Nd5 Nbd7 10. f3 Bb7 11. c4 Nxd5 12. cxd5 O-O 13. O-O f5 14. Qd2 f4 15.
Bf2 Bh4 16. Na5 Bc8 17. Nc6 Bxf2+ 18. Rxf2 Qg5 19. Kh1 Nc5 20. Qa5 Nb7 21. Qb6
Nd8 22. a4 bxa4 23. Rxa4 Bd7 24. Rxa6 Rc8 25. Bb5 Kh8 26. Ra7 Bxc6 27. dxc6 Ne6
28. c7 Rf7 29. Qxd6 Nxc7 30. Rc2 Rd8 31. Rd2 Rxd6 32. Rxd6 h6 33. Bc4 Qh4 34.
Ra1 Rf8 35. Rd7 Ne8 36. Kg1 Qf6 37. Raa7 Qb6+ 38. Kf1 Qxb2 39. Bf7 Nf6 40. Rdb7
Qc1+ 41. Ke2 Qe3+ 42. Kf1 Rd8 {далее запись неразбор~~ива} 0-1

[Event "Russian Championship G17 1st league 2016"]
[Site "Loo"]
[Date "2016.04.25"]
[Round "6.4"]
[White "Kuznetsova, Darya"]
[Black "Tsepilova, Serafima"]
[Result "1-0"]
[WhiteElo "1989"]
[BlackElo "1766"]
[PlyCount "103"]
[EventDate "2016.04.20"]

1. e4 d6 2. d4 Nf6 3. Nc3 e5 4. Nf3 Nbd7 5. Bc4 Be7 6. O-O O-O 7. a4 c6 8. Re1
Qc7 9. h3 b6 10. Ba2 Bb7 11. dxe5 dxe5 12. Nh4 g6 13. Qf3 Ne8 14. Qg3 Ng7 15.
Bh6 Nh5 16. Qg4 Ndf6 17. Qf3 Ng7 18. g4 Rad8 19. Qg3 Bd6 20. Kh2 Bc8 21. Rg1
Be6 22. Nf5 Nfe8 23. Nxd6 Qxd6 24. Rad1 Qc7 25. Rxd8 Qxd8 26. Qxe5 Bxa2 27.
Nxa2 f6 28. Qg3 Qd4 29. Nc3 Qb4 30. b3 Nd6 31. Rd1 Nf7 32. Bxg7 Kxg7 33. Rd7 a6
34. e5 fxe5 35. Qxe5+ Kg8 36. Qf6 Qc5 37. Kg2 Qe5 38. Qxc6 a5 39. Ne4 Nd8 40.
Qd5+ Qxd5 41. Rxd5 Nf7 42. Nf6+ Kg7 43. Nd7 Rc8 44. Nxb6 Rxc2 45. Nc4 Kf6 46.
Rxa5 Ng5 47. Nd6 Ne6 48. Ne4+ Ke7 49. Ra7+ Rc7 50. Rxc7+ Nxc7 51. b4 Nd5 52. b5
1-0

[Event "Russian Championship G17 1st league 2016"]
[Site "Loo"]
[Date "2016.04.25"]
[Round "6.5"]
[White "Shkalikova, Marina"]
[Black "Zakarian, Diana"]
[Result "1-0"]
[WhiteElo "1823"]
[BlackElo "1625"]
[PlyCount "33"]
[EventDate "2016.04.20"]

1. e4 e5 2. Nf3 Nc6 3. Bc4 Nf6 4. O-O Bc5 5. Re1 O-O 6. c3 Re8 7. Bb3 Bb6 8. d4
exd4 9. e5 Ng4 10. cxd4 Ba5 11. Nc3 d6 12. h3 Nh6 13. Bg5 Qd7 14. Bxh6 gxh6 15.
Ne4 Kh8 16. Nf6 Qd8 17. Qd3 1-0

[Event "Russian Championship G17 1st league 2016"]
[Site "Loo"]
[Date "2016.04.25"]
[Round "6.6"]
[White "Khan, Anastasia"]
[Black "Logunova, Elizaveta"]
[Result "1-0"]
[WhiteElo "1878"]
[BlackElo "1731"]
[PlyCount "115"]
[EventDate "2016.04.20"]

1. e4 c6 2. Nf3 d5 3. Nc3 Bg4 4. h3 Bxf3 5. Qxf3 e6 6. d3 Nf6 7. Bd2 Nbd7 8. g4
d4 9. Ne2 Qb6 10. O-O-O Bb4 11. Bxb4 Qxb4 12. g5 Ng8 13. Qg3 Ne7 14. f4 c5 15.
Bg2 Nb6 16. Qe1 Qb5 17. f5 e5 18. c4 Qa6 19. Kb1 Nc6 20. h4 Rb8 21. f6 gxf6 22.
Qf2 Nd7 23. Bh3 b5 24. Bxd7+ Kxd7 25. Qf5+ Kc7 26. Qxf6 Rhf8 27. Rc1 Qb6 28. b3
a5 29. cxb5 Qxb5 30. Rc4 a4 31. b4 a3 32. Rhc1 Rfd8 33. Ka1 Rd6 34. Qxf7+ Rd7
35. Qf5 Rb6 36. Rxc5 Qxb4 37. Rxc6+ Rxc6 38. Qxe5+ Qd6 39. Qa5+ Kb7 40. Rb1+
Rb6 41. Rxb6+ Qxb6 42. Qxa3 Rf7 43. Qc1 Rf2 44. Nf4 Qa5 45. Qb1+ Ka7 46. Nd5
Re2 47. Nb4 Qa4 48. Nd5 Qa5 49. Nb4 Qa4 50. Qf1 Rh2 51. Qf7+ Ka8 52. Qd5+ Ka7
53. Qxd4+ Kb7 54. Qd5+ Kc8 55. Qg8+ Kb7 56. Qxh7+ Kb6 57. Nd5+ Ka6 58. Qg6+ 1-0

[Event "Russian Championship G17 1st league 2016"]
[Site "Loo"]
[Date "2016.04.25"]
[Round "6.7"]
[White "Samchenko, Serafima"]
[Black "Danilova, Rada"]
[Result "1/2-1/2"]
[WhiteElo "1706"]
[BlackElo "1808"]
[PlyCount "101"]
[EventDate "2016.04.20"]

1. e4 c5 2. Nc3 e6 3. f4 b6 4. g3 Bb7 5. Bg2 Nc6 6. Nf3 Be7 7. d3 d5 8. e5 Nh6
9. Ne2 Nf5 10. c3 h5 11. O-O Qc7 12. a3 d4 13. Qc2 Bd8 14. cxd4 Ncxd4 15. Nexd4
cxd4 16. Nxd4 Qxc2 17. Nxc2 Bxg2 18. Kxg2 Rc8 19. Rf2 b5 20. Ne3 Rxc1 21. Rxc1
Nxe3+ 22. Kf3 Nd5 23. Ke4 O-O 24. f5 Bb6 25. Rf3 Nc7 26. d4 Rd8 27. Rd3 exf5+
28. Kxf5 g6+ 29. Kf6 Nd5+ 30. Kg5 Rd7 31. Kh4 Ne7 32. g4 hxg4 33. Kxg4 Rxd4+
34. Rxd4 Bxd4 35. Rc7 Nf5 36. b3 Bxe5 37. Rxa7 Nd4 38. a4 b4 39. Rb7 Nxb3 40.
Rxb4 Na5 41. Rb5 Bc3 42. Rc5 Bb4 43. Rb5 Bd2 44. Rd5 Bb4 45. Rb5 Nc6 46. Rb6
Ne5+ 47. Kf4 Ba5 48. Rb5 Nc4 49. Rc5 Bd2+ 50. Kf3 Na5 51. Rd5 1/2-1/2

[Event "Russian Championship G17 1st league 2016"]
[Site "Loo"]
[Date "2016.04.25"]
[Round "6.8"]
[White "Vorobyova, Valeriya"]
[Black "Averina, Vera"]
[Result "1-0"]
[WhiteElo "1784"]
[BlackElo "1697"]
[PlyCount "141"]
[EventDate "2016.04.20"]

1. e4 Nc6 2. d4 e5 3. dxe5 Nxe5 4. Nf3 Nxf3+ 5. Qxf3 Qf6 6. Be2 Bb4+ 7. c3 Bc5
8. O-O Qxf3 9. Bxf3 Ne7 10. Bf4 d6 11. Nd2 Ng6 12. Bg3 Ne5 13. Be2 O-O 14. Nb3
Bb6 15. Nd4 Re8 16. h3 a6 17. Kh2 Nd7 18. f3 d5 19. Rae1 dxe4 20. fxe4 Rxe4 21.
Bc4 Rxe1 22. Bxf7+ Kf8 23. Bxe1 Nf6 24. Bb3 c5 25. Nf3 Bc7+ 26. Kh1 b5 27. Ng5
Ke7 28. Nxh7 Nxh7 29. Rf7+ Kd8 30. Rxg7 Nf6 31. Bh4 Be5 32. Rf7 c4 33. Bc2 Ke8
34. Bg6 Bf5 35. Rxf6+ Bxg6 36. Rxg6 Kf7 37. Rg5 Re8 38. Rf5+ Ke6 39. Rf2 Rb8
40. Re2 Rg8 41. Bf2 Kd5 42. g4 a5 43. a3 Ra8 44. Kg2 b4 45. axb4 axb4 46. Bg3
Bg7 47. Be1 Ra1 48. Kf2 Bf6 49. Kf3 Rc1 50. cxb4 Bxb2 51. Rd2+ Kc6 52. b5+ Kb7
53. Rxb2 Rxe1 54. Rc2 Rf1+ 55. Kg3 Kb6 56. Rxc4 Kxb5 57. Rc8 Rf7 58. g5 Ra7 59.
Kg4 Ra1 60. h4 Rf1 61. g6 Rh1 62. Kg5 Rg1+ 63. Kh6 Rd1 64. h5 Rd6 65. Kh7 Rd7+
66. g7 Kb6 67. h6 Kb7 68. Rc1 Ka7 69. Kh8 Rd6 70. h7 Rd8+ 71. g8=Q 1-0

[Event "Russian Championship G17 1st league 2016"]
[Site "Loo"]
[Date "2016.04.25"]
[Round "6.9"]
[White "Kolmychek, Evelina"]
[Black "Demchenko, Alisa"]
[Result "1/2-1/2"]
[WhiteElo "2029"]
[BlackElo "1822"]
[PlyCount "99"]
[EventDate "2016.04.20"]

1. e4 c6 2. d4 d5 3. Nc3 dxe4 4. Nxe4 Nd7 5. Nf3 Ngf6 6. Nxf6+ Nxf6 7. Ne5 g6
8. Be2 Bg7 9. O-O O-O 10. c4 Qb6 11. Be3 Rd8 12. Qc1 Nd7 13. Nf3 c5 14. Rd1 Nf8
15. Rb1 Bf5 16. dxc5 Qc7 17. Ra1 Ne6 18. h3 Rxd1+ 19. Bxd1 Nxc5 20. Nd4 Bd3 21.
Nb5 Qe5 22. Bb3 Qxb2 23. Qxb2 Bxb2 24. Rd1 Nxb3 25. axb3 Bf5 26. Bxa7 Bf6 27.
Rd2 Bg5 28. Ra2 Bd7 29. Nc7 Rd8 30. Bb6 Bc6 31. Nd5 Rd7 32. Bd4 f6 33. Ra5 Kf7
34. Be3 Bxd5 35. Bxg5 fxg5 36. cxd5 Kf6 37. Kf1 h6 38. Rb5 Ke5 39. Ke2 Rc7 40.
Kd2 Kd4 41. f3 Rd7 42. Rb6 Kc5 43. Rxg6 Rxd5+ 44. Kc2 Re5 45. Rxh6 Re2+ 46. Kd3
Rxg2 47. Ke3 Rb2 48. Rh5 Rxb3+ 49. Ke4 Rb1 50. Rxg5+ 1/2-1/2

[Event "Russian Championship G17 1st league 2016"]
[Site "Loo"]
[Date "2016.04.25"]
[Round "6.10"]
[White "Kirakosyan, Kamilla"]
[Black "Kopovaya, Aleksandra"]
[Result "0-1"]
[WhiteElo "1769"]
[BlackElo "1919"]
[PlyCount "69"]
[EventDate "2016.04.20"]

1. d4 Nf6 2. c4 e6 3. Nc3 Bb4 4. e3 O-O 5. Bd3 d5 6. Nf3 Nbd7 7. O-O b6 8. Qe2
Bb7 9. a3 Bxc3 10. bxc3 c5 11. Rd1 Qc7 12. Bb2 Rac8 13. Rac1 Rfe8 14. Nd2 Ba6
15. Qf1 dxc4 16. Bxc4 Bxc4 17. Qxc4 Qb7 18. Qe2 c4 19. a4 b5 20. axb5 Qxb5 21.
Ba3 a5 22. Rb1 Qa6 23. e4 Nb6 24. e5 Nfd5 25. Ne4 Rc7 26. Qh5 Qa8 27. Qg4 Kh8
28. Nd6 Rb8 29. Nb5 Rd7 30. Qf3 Na4 31. Rdc1 Kg8 32. Qd1 Rxb5 33. Qxa4 Nxc3 34.
Rxc3 Rxb1+ 35. Bc1 {далее запись неразбор~~ива} 0-1

[Event "Russian Championship G17 1st league 2016"]
[Site "Loo"]
[Date "2016.04.25"]
[Round "6.12"]
[White "Suvorova, Ksenia"]
[Black "Petrova, Marija"]
[Result "0-1"]
[WhiteElo "1648"]
[BlackElo "1697"]
[PlyCount "120"]
[EventDate "2016.04.20"]

1. d4 f5 2. c4 e6 3. Nf3 Nf6 4. g3 Be7 5. Bg2 O-O 6. O-O d5 7. Nbd2 c6 8. Ne5
Bd6 9. Ndf3 Nbd7 10. b3 Ne4 11. Bb2 Qe8 12. Qd3 Ndf6 13. Nd2 b6 14. Rac1 Bb7
15. cxd5 exd5 16. f3 Nxd2 17. Qxd2 c5 18. Nd3 Rc8 19. Rfe1 Qe7 20. Bh3 g6 21.
a4 a6 22. Kf1 Nd7 23. Qc3 c4 24. bxc4 dxc4 25. d5 Nf6 26. Nf4 Bb4 27. Qd4 Bxe1
28. Rxe1 Rcd8 29. e4 Bc8 30. e5 Ne8 31. Qxb6 Qc7 32. Qxc7 Nxc7 33. d6 Ne6 34.
Rc1 Nxf4 35. gxf4 Be6 36. Kf2 Rb8 37. Bc3 Rb3 38. Ke3 Ra3 39. a5 Ra2 40. Bf1
Rc8 41. Bd2 Kf7 42. h4 Ra3+ 43. Kd4 Rxf3 44. Bxc4 Bxc4 45. Rxc4 Rxc4+ 46. Kxc4
Ke6 47. Kc5 Kd7 48. Kb6 Rd3 49. Bc1 Rh3 50. Kxa6 Rxh4 51. Kb7 Rh3 52. Bd2 Rb3+
53. Ka7 h5 54. Be1 Rb2 55. a6 Kc6 56. Ka8 Ra2 57. Ka7 Rb2 58. Ba5 h4 59. Bc7 h3
60. e6 h2 0-1

[Event "Russian Championship G17 1st league 2016"]
[Site "Loo"]
[Date "2016.04.25"]
[Round "6.13"]
[White "Zhekotova, Darya"]
[Black "Sumenkova, Elena"]
[Result "1-0"]
[WhiteElo "1543"]
[BlackElo "1645"]
[PlyCount "59"]
[EventDate "2016.04.20"]

1. e4 c5 2. Ne2 e5 3. g3 Nf6 4. Bg2 d6 5. d3 Nbd7 6. c4 Nb6 7. Nbc3 Be7 8. O-O
Be6 9. f4 Bg4 10. h3 Bxe2 11. Qxe2 exf4 12. Bxf4 Qd7 13. Bxd6 Qxd6 14. e5 Qd4+
15. Kh1 Ng8 16. Bxb7 Rb8 17. Nb5 Qd7 18. Nd6+ Bxd6 19. exd6+ Kd8 20. Bg2 Nf6
21. Qe5 Re8 22. Qxc5 Re6 23. Qg5 Na4 24. b3 Qxd6 25. bxa4 h6 26. Qa5+ Ke8 27.
Rab1 Nh5 28. Qxh5 Rxb1 29. Qxf7+ Kd8 30. Rxb1 1-0

[Event "Russian Championship G17 1st league 2016"]
[Site "Loo"]
[Date "2016.04.25"]
[Round "6.15"]
[White "Alekseeva, Nariya"]
[Black "Dunaevskaya, Alisa"]
[Result "1/2-1/2"]
[WhiteElo "1690"]
[BlackElo "1558"]
[PlyCount "88"]
[EventDate "2016.04.20"]

1. e4 d6 2. d4 Nf6 3. Nc3 g6 4. Nf3 Bg7 5. Be2 O-O 6. O-O a6 7. a4 Nbd7 8. h3
c6 9. Be3 Qc7 10. Qd2 e5 11. dxe5 Nxe5 12. Rfd1 Nxf3+ 13. Bxf3 Rd8 14. e5 Ne8
15. Bf4 d5 16. e6 Qe7 17. exf7+ Qxf7 18. Re1 Nd6 19. Bxd6 Rxd6 20. Be2 Rf6 21.
Bf1 Rf4 22. Re8+ Qxe8 23. Qxf4 Be6 24. Re1 Qd7 25. Qd2 Rf8 26. b3 Qf7 27. Nd1
c5 28. Qe3 Bf5 29. Qxc5 Rc8 30. Qb4 Bxc2 31. Re7 Bf8 32. Rxf7 Bxb4 33. Rxb7 a5
34. Nb2 Rc3 35. Kh2 Rxb3 36. Nc4 dxc4 37. Bxc4+ Kf8 38. Bxb3 Bxb3 39. Rxh7 Bxa4
40. Kg1 Bb3 41. Rb7 Bc2 42. Kf1 Bd3+ 43. Kg1 Bc4 44. g4 Be1 1/2-1/2

[Event "Russian Championship G17 1st league 2016"]
[Site "Loo"]
[Date "2016.04.25"]
[Round "6.16"]
[White "Ivanets, Anastasiya"]
[Black "Gorenkova, Anna"]
[Result "1-0"]
[WhiteElo "1472"]
[BlackElo "1648"]
[PlyCount "93"]
[EventDate "2016.04.20"]

1. d4 d6 2. f4 g6 3. e3 Bg7 4. Nf3 Nd7 5. c3 Ngf6 6. Bd3 O-O 7. O-O Re8 8. Nbd2
e5 9. Ng5 h6 10. Nge4 Nd5 11. Nb3 a5 12. a4 Qe7 13. fxe5 dxe5 14. Ng3 f5 15. e4
fxe4 16. Bxe4 Qe6 17. dxe5 N5b6 18. Nd4 Qxe5 19. Bxg6 Rf8 20. Ngf5 Nf6 21.
Nxh6+ Bxh6 22. Bxh6 Rd8 23. Qf3 Nbd5 24. Rae1 Qd6 25. Bf7+ Kh8 26. Bxd5 Nxd5
27. Qh5 Bg4 28. Qxg4 Qxh6 29. Rf3 Nf6 30. Qf5 Kg7 31. Ne6+ Kf7 32. Nxd8+ Rxd8
33. Ref1 Rd6 34. Qe5 Re6 35. Rxf6+ Rxf6 36. Rxf6+ Qxf6 37. Qxf6+ Kxf6 38. Kf2
c6 39. Ke3 Ke5 40. g4 b5 41. axb5 cxb5 42. h4 Kd5 43. Kd3 Kc5 44. h5 b4 45.
cxb4+ Kxb4 46. Kc2 a4 47. h6 1-0

[Event "Russian Championship G17 1st league 2016"]
[Site "Loo"]
[Date "2016.04.25"]
[Round "6.17"]
[White "Lanina, Evgenia"]
[Black "Shovunova, Maryana"]
[Result "0-1"]
[WhiteElo "1499"]
[BlackElo "1571"]
[PlyCount "56"]
[EventDate "2016.04.20"]

1. e4 e5 2. Nf3 Nc6 3. d4 exd4 4. c3 dxc3 5. Nxc3 Bb4 6. Bc4 Nge7 7. Ng5 Ne5 8.
Bb3 h6 9. Qd4 N7c6 10. Bxf7+ Nxf7 11. Qxg7 hxg5 12. O-O Bxc3 13. bxc3 Qe7 14.
f4 g4 15. g3 d6 16. Rb1 Bd7 17. Rxb7 O-O-O 18. Rxa7 Nxa7 19. Qd4 Nc6 20. Qd3
Be6 21. Qa6+ Kd7 22. f5 Ra8 23. fxe6+ Qxe6 24. Qd3 Rxa2 25. Be3 Nfe5 26. Qd5
Qxd5 27. exd5 Ne7 28. Rd1 Rhxh2 0-1

[Event "Russian Championship G17 1st league 2016"]
[Site "Loo"]
[Date "2016.04.25"]
[Round "6.18"]
[White "Tatarinova, Elena"]
[Black "Bezverhaya, Marina"]
[Result "0-1"]
[WhiteElo "1726"]
[BlackElo "1604"]
[PlyCount "100"]
[EventDate "2016.04.20"]

1. c4 c6 2. g3 Nf6 3. Bg2 d5 4. cxd5 cxd5 5. Nf3 Nc6 6. O-O e6 7. d3 Bd6 8.
Nbd2 O-O 9. b3 b5 10. Bb2 Bb7 11. Re1 Qe7 12. e4 dxe4 13. dxe4 Bb4 14. a3 Bxd2
15. Nxd2 Rfd8 16. Qe2 Nd4 17. Bxd4 Rxd4 18. e5 Ne8 19. Bxb7 Qxb7 20. b4 Qd5 21.
Nf3 Rd3 22. Ng5 h6 23. Ne4 Nc7 24. Rac1 Na6 25. Qg4 Kf8 26. Nc3 Qd7 27. Qe4 Rc8
28. Nxb5 Rxc1 29. Rxc1 Qxb5 30. Rc8+ Ke7 31. Qh4+ g5 32. Qc4 Qxc4 33. Rxc4 Rxa3
34. b5 Nb8 35. Rc7+ Kd8 36. Rxf7 Nd7 37. f4 gxf4 38. gxf4 Rb3 39. Rh7 Rxb5 40.
Rxh6 Nf8 41. Rh3 Ng6 42. Rd3+ Kc7 43. Rd4 a5 44. Rc4+ Kb6 45. Rd4 Rd5 46. Rxd5
exd5 47. e6 a4 48. f5 a3 49. fxg6 a2 50. e7 a1=Q+ 0-1

[Event "Russian Championship G17 2016"]
[Site "Loo"]
[Date "2016.04.25"]
[Round "6.1"]
[White "Protopopova, Anastasiya"]
[Black "Shuvalova, Polina"]
[Result "1/2-1/2"]
[WhiteElo "2188"]
[BlackElo "2196"]
[PlyCount "101"]
[EventDate "2016.04.20"]

1. d4 Nf6 2. c4 g6 3. Nc3 Bg7 4. e4 O-O 5. h3 d6 6. Be3 e5 7. d5 Nfd7 8. g4 f5
9. gxf5 gxf5 10. Nf3 Nc5 11. Qc2 Nba6 12. a3 c6 13. O-O-O cxd5 14. Rxd5 b6 15.
b4 f4 16. Bd2 Ne6 17. Nb5 Nac7 18. Rxd6 Qe7 19. Nxc7 Qxc7 20. Rd3 Bb7 21. Rb3
a5 22. Bc3 axb4 23. axb4 Nd4 24. Nxd4 exd4 25. Bb2 f3 26. Bd3 Qf4+ 27. Kb1 Rfe8
28. Rg1 Rxe4 29. Bc1 Qe5 30. Qd1 Kh8 31. Qxf3 Rf8 32. Qg3 Qxg3 33. fxg3 Ree8
34. Bf4 Be5 35. Re1 Bxf4 36. Rxe8 Rxe8 37. gxf4 Re3 38. Bc2 Be4 39. Kc1 d3 40.
Bd1 Rxh3 41. Kd2 Rh2+ 42. Ke3 Bf5 43. c5 bxc5 44. bxc5 Rh1 45. Kd2 Rf1 46. c6
Rxf4 47. c7 Rc4 48. Rc3 Rxc3 49. Kxc3 Kg7 50. c8=Q Bxc8 51. Kxd3 1/2-1/2

[Event "Russian Championship G17 2016"]
[Site "Loo"]
[Date "2016.04.25"]
[Round "6.2"]
[White "Afonasieva, Anna"]
[Black "Nosacheva, Mariya"]
[Result "0-1"]
[WhiteElo "2133"]
[BlackElo "2021"]
[PlyCount "76"]
[EventDate "2016.04.20"]

1. d4 Nf6 2. Nf3 g6 3. c4 Bg7 4. g3 O-O 5. Bg2 c5 6. d5 e6 7. O-O exd5 8. cxd5
d6 9. Nc3 a6 10. a4 Re8 11. Nd2 Nbd7 12. e4 Rb8 13. a5 Ne5 14. Qc2 Bd7 15. h3
Nh5 16. Kh2 Bb5 17. Nxb5 axb5 18. f4 Nc4 19. Nxc4 bxc4 20. Qxc4 b5 21. Qb3 Bd4
22. Qf3 Nf6 23. e5 Nh5 24. e6 f5 25. Rd1 Ra8 26. Rxd4 cxd4 27. Bd2 Qf6 28. Qd3
Reb8 29. Bb4 Ra6 30. Rc1 g5 31. fxg5 Qxg5 32. Rc7 Rf8 33. Bd2 Qf6 34. Qxb5 Raa8
35. Bf3 f4 36. Bxh5 fxg3+ 37. Kh1 Qf2 38. Bf7+ Kh8 0-1

[Event "Russian Championship G17 2016"]
[Site "Loo"]
[Date "2016.04.25"]
[Round "6.3"]
[White "Tishova, Svetlana"]
[Black "Korchagina, Alena"]
[Result "0-1"]
[WhiteElo "1946"]
[BlackElo "2031"]
[PlyCount "68"]
[EventDate "2016.04.20"]

1. e4 c5 2. Nf3 e6 3. g3 Nc6 4. Bg2 Nf6 5. Qe2 d6 6. O-O Be7 7. c3 O-O 8. d4
cxd4 9. cxd4 d5 10. e5 Ne4 11. Rd1 f6 12. Ne1 fxe5 13. f3 Nd6 14. dxe5 Nc4 15.
Nd3 Qb6+ 16. Kf1 Nd4 17. Qf2 Nf5 18. Qxb6 axb6 19. Kf2 d4 20. Re1 Nce3 21. Re2
Bd7 22. Na3 Bc6 23. Ne1 Bc5 24. Nd3 Nxg2 25. Kxg2 Ne3+ 26. Kg1 Bxf3 27. Rf2 Ng4
28. Rd2 Be4 29. b4 Bxd3 30. bxc5 Rf1+ 31. Kg2 Ne3+ 32. Kh3 Bf5+ 33. Kh4 Rxa3
34. Bxa3 Rxa1 0-1

[Event "Russian Championship G17 2016"]
[Site "Loo"]
[Date "2016.04.25"]
[Round "6.4"]
[White "Mylnikova, Olga"]
[Black "Khristenko, Anna"]
[Result "1-0"]
[WhiteElo "2194"]
[BlackElo "1962"]
[PlyCount "123"]
[EventDate "2016.04.20"]

1. e4 c5 2. Nf3 e6 3. d4 cxd4 4. Nxd4 a6 5. Bd3 Qc7 6. O-O Nf6 7. Qe2 d6 8. c4
g6 9. Be3 Bg7 10. f3 O-O 11. Nc3 b6 12. Rac1 Bb7 13. Rfd1 Nbd7 14. Qf2 Rac8 15.
Bf1 Qb8 16. Nc2 Ba8 17. Qd2 Ne8 18. Nb4 Nc5 19. Nd3 Bc6 20. b4 Na4 21. Nxa4
Bxa4 22. Re1 Nc7 23. Qf2 d5 24. cxd5 exd5 25. Bxb6 dxe4 26. Rxe4 Ne6 27. a3
Rxc1 28. Nxc1 Rc8 29. Rc4 Rxc4 30. Bxc4 Qf4 31. Qf1 Be5 32. g3 Bd4+ 33. Bxd4
Qxd4+ 34. Kh1 Bb5 35. Bxb5 axb5 36. Qd3 Qxd3 37. Nxd3 Nd4 38. Ne1 Kg7 39. Kg2
Kf6 40. Kf2 Ke5 41. Ke3 Kd5 42. Kd3 f6 43. f4 g5 44. Ng2 Nf5 45. g4 Nd6 46.
Ne3+ Kc6 47. fxg5 fxg5 48. Kd4 Nf7 49. Nf5 Nd6 50. Ne3 Nf7 51. Ke4 Nd6+ 52. Ke5
Kd7 53. Kd5 Kc7 54. Kc5 Kd7 55. Nc2 Kc7 56. Nd4 Ne4+ 57. Kxb5 Nf2 58. Ne6+ Kd6
59. Nxg5 Nxg4 60. h3 Nf2 61. h4 h5 62. Kb6 1-0

[Event "Russian Championship G17 2016"]
[Site "Loo"]
[Date "2016.04.25"]
[Round "6.5"]
[White "Gorovenko, Darya"]
[Black "Troyanok, Tatiana"]
[Result "1-0"]
[WhiteElo "2082"]
[BlackElo "1772"]
[PlyCount "77"]
[EventDate "2016.04.20"]

1. d4 d5 2. Nf3 Nf6 3. c4 c6 4. Qc2 e6 5. g3 Bd6 6. Bg2 O-O 7. Nbd2 Nbd7 8. O-O
Re8 9. Rd1 Qe7 10. Nh4 b6 11. e4 Bb4 12. e5 Ng4 13. Nf1 b5 14. cxb5 cxb5 15.
Qe2 f5 16. Nxf5 Qf7 17. Nh4 Nh6 18. Bxh6 gxh6 19. Qxb5 Rb8 20. Qe2 Be7 21. Nf3
Rb6 22. b3 Ba6 23. Qd2 Qg6 24. Rac1 Bd8 25. Ne3 Rb8 26. Bf1 Bxf1 27. Nxf1 Rf8
28. Qd3 Qf7 29. N1d2 Ba5 30. Rf1 Nb6 31. a3 Nc8 32. b4 Bb6 33. Kg2 Ne7 34. Nb3
Qf5 35. Qxf5 Rxf5 36. Nc5 Bxc5 37. Rxc5 Rbf8 38. Nh4 Rg5 39. Rc7 1-0

[Event "Russian Championship G17 2016"]
[Site "Loo"]
[Date "2016.04.25"]
[Round "6.6"]
[White "Martynyuk, Elizaveta"]
[Black "Krapivina, Galina"]
[Result "1/2-1/2"]
[WhiteElo "2059"]
[BlackElo "1859"]
[PlyCount "89"]
[EventDate "2016.04.20"]

1. e4 e6 2. d4 d5 3. Nc3 dxe4 4. Nxe4 Bd7 5. Nf3 Bc6 6. Bd3 Nd7 7. Qe2 Ngf6 8.
Neg5 Bxf3 9. Qxf3 h6 10. Ne4 c6 11. Bf4 Nxe4 12. Bxe4 Be7 13. O-O-O Nf6 14. Kb1
Nxe4 15. Qxe4 Qd5 16. Qe2 O-O-O 17. Be5 f6 18. c4 Qd7 19. Bg3 Bd6 20. Bxd6 Qxd6
21. Qg4 Qd7 22. f4 Rhe8 23. Qg6 Re7 24. Rhe1 Qe8 25. Qg3 Red7 26. d5 Qh5 27.
Qe3 exd5 28. Qxa7 dxc4 29. Rxd7 Qf5+ 30. Ka1 Qxd7 31. Qa8+ Kc7 32. Qa5+ Kb8 33.
a4 Qd2 34. Qxd2 Rxd2 35. g3 Rxh2 36. Re7 g5 37. Rf7 gxf4 38. gxf4 Rf2 39. Rxf6
h5 40. Rh6 Rxf4 41. Rxh5 Ka7 42. Ka2 Kb6 43. Rh7 Rf2 44. Kb1 Rf5 45. Ka2
1/2-1/2

[Event "Russian Championship G17 2016"]
[Site "Loo"]
[Date "2016.04.25"]
[Round "6.7"]
[White "Makhno, Maria"]
[Black "Borisova, Ekaterina"]
[Result "0-1"]
[WhiteElo "1962"]
[BlackElo "2058"]
[PlyCount "82"]
[EventDate "2016.04.20"]

1. d4 d5 2. c4 c6 3. Nc3 Nf6 4. cxd5 cxd5 5. Bf4 a6 6. e3 Nc6 7. h3 e6 8. Nf3
Bd6 9. Bxd6 Qxd6 10. Bd3 O-O 11. a3 b5 12. b4 e5 13. dxe5 Nxe5 14. Be2 Bf5 15.
Qd4 Nc6 16. Qd2 Rac8 17. O-O Rfd8 18. Rfd1 h6 19. Rac1 Be6 20. Qb2 Kh8 21. Na2
Ne7 22. Nd4 Qe5 23. a4 Nf5 24. Qa3 Nxd4 25. Rxd4 Qg5 26. Kf1 Ne4 27. Nc3 Nd6
28. axb5 axb5 29. Nxb5 Nf5 30. Rdd1 Nh4 31. g4 Qe5 32. f4 Qe4 33. Ke1 Rxc1 34.
Rxc1 d4 35. Nxd4 Rxd4 36. exd4 Qxf4 37. Qa8+ Kh7 38. Rd1 Bb3 39. Rd3 Bc2 40.
Rc3 Be4 41. Bd3 Nf3+ {запись неразбор~~ива} 0-1

[Event "Russian Championship G17 2016"]
[Site "Loo"]
[Date "2016.04.25"]
[Round "6.8"]
[White "Illina, Natalia"]
[Black "Erdenieva, Oyuna"]
[Result "1/2-1/2"]
[WhiteElo "1945"]
[BlackElo "2123"]
[PlyCount "108"]
[EventDate "2016.04.20"]

1. e4 c6 2. d4 d5 3. Nc3 dxe4 4. Nxe4 Bf5 5. Ng3 Bg6 6. h4 h6 7. Nf3 Nd7 8. h5
Bh7 9. Bd3 Bxd3 10. Qxd3 e6 11. Bd2 Ngf6 12. O-O-O Be7 13. Ne4 Nxe4 14. Qxe4
Nf6 15. Qe2 Qd5 16. c4 Qe4 17. Rde1 Qxe2 18. Rxe2 O-O 19. Ne5 Rac8 20. g4 Rfd8
21. Bc3 c5 22. dxc5 Bxc5 23. Rd1 Rxd1+ 24. Kxd1 Bd6 25. f4 Bxe5 26. fxe5 Nxg4
27. b3 b5 28. Kd2 bxc4 29. Rg2 Rd8+ 30. Ke2 Rd3 31. Rxg4 Rxc3 32. bxc4 Ra3 33.
Rd4 Rxa2+ 34. Kd3 Ra5 35. Ke4 Rc5 36. Rd8+ Kh7 37. Kd4 Rc7 38. c5 g6 39. Rd6
gxh5 40. c6 Kg6 41. Kc5 h4 42. Rd7 Rc8 43. Rxa7 h3 44. Ra3 h2 45. Rh3 Kf5 46.
Rxh2 Kxe5 47. Rxh6 f5 48. Rh1 f4 49. Re1+ Kf5 50. Kd6 f3 51. Re5+ Kg4 52. Rxe6
Rf8 53. Re1 f2 54. Rf1 Kg3 1/2-1/2

[Event "Russian Championship G17 2016"]
[Site "Loo"]
[Date "2016.04.25"]
[Round "6.9"]
[White "Perfilova, Maria"]
[Black "Guseva, Lidia"]
[Result "1/2-1/2"]
[WhiteElo "1844"]
[BlackElo "2065"]
[PlyCount "87"]
[EventDate "2016.04.20"]

1. e4 c5 2. Nf3 e6 3. d4 cxd4 4. Nxd4 a6 5. Nc3 Qc7 6. Bd3 Nf6 7. f4 Bb4 8. Bd2
Bxc3 9. bxc3 Nc6 10. O-O d6 11. Qf3 e5 12. Nxc6 bxc6 13. fxe5 dxe5 14. Qg3 Ng4
15. Be2 h5 16. Bxg4 hxg4 17. Be3 Be6 18. h3 gxh3 19. Qxg7 O-O-O 20. Rf2 Rdg8
21. Qf6 hxg2 22. Rxg2 Rxg2+ 23. Kxg2 Rg8+ 24. Kf2 Qa5 25. c4 Qc3 26. Rc1 Rd8
27. Qh6 Qxc4 28. Bb6 Re8 29. Qe3 f5 30. exf5 Qh4+ 31. Qg3 Qxg3+ 32. Kxg3 Bxf5
33. c3 Be6 34. a3 Bc4 35. Re1 Kb7 36. Bc5 Kc7 37. Kf3 e4+ 38. Kf4 Bd3 39. Rh1
Kd7 40. Rh6 Bc2 41. Rd6+ Kc7 42. Rh6 Kd7 43. Rd6+ Kc7 44. Rh6 1/2-1/2